Stage II relationships (Record no. 617547)

MARC details
000 -LEADER
fixed length control field 00434nam a2200157 a 4500
008 - FIXED-LENGTH DATA ELEMENTS--GENERAL INFORMATION
fixed length control field 260311s2026##################000#0#eng##
020 ## - INTERNATIONAL STANDARD BOOK NUMBER
ISBN 9780062548085
041 ## - LANGUAGE CODE
Language code of text/sound track or separate title Eng
082 04 - DEWEY DECIMAL CLASSIFICATION NUMBER
Classification number 362.292 LAR
100 ## - MAIN ENTRY--AUTHOR NAME
Personal name Larsen Earnie
245 10 - TITLE STATEMENT
Title Stage II relationships
Sub Title love beyond addition
260 ## - PUBLICATION, DISTRIBUTION, ETC. (IMPRINT)
Place of publication HarperOne
Name of publisher An Imprint of HarperCollins Publishers
300 ## - PHYSICAL DESCRIPTION
Number of Pages 122p,
Dimensions 22cm, ill.,
942 ## - ADDED ENTRY ELEMENTS (KOHA)
Koha item type English Books
Holdings
Withdrawn status Lost status Damaged status Not for loan Home library Current library Shelving location Date acquired Full call number Accession Number Price effective from Koha item type
        Anna Centenary Library Anna Centenary Library 4TH FLOOR, A WING 11.03.2026 362.292 LAR 468394 11.03.2026 English Books

Find us on the map